[Event "Chess Super League 2021"]
[Site "Online"]
[Date "2021.10.15"]
[Round "5.3"]
[White "Mrudul Dehankar"]
[Black "Savitha Shri B"]
[Result "0-1"]
[WhiteElo "2256"]
[BlackElo "2281"]
[Annotator "NA"]
[PlyCount "102"]
[EventDate "2021.10.11"]
[EventType "team-tourn"]
[EventCountry "NET"]
[SourceTitle "playchess.com"]
[Source "ChessBase"]
[SourceQuality "1"]
[TimeControl "900+10"]

1. e4 {[%emt 0:00:14]} c5 {[%emt 0:00:15]} 2. Nf3 {[%emt 0:00:02]} d6 {[%emt 0:00:04]} 3. d4 {[%emt 0:00:02]} cxd4 {[%emt 0:00:01]} 4. Nxd4 {[%emt 0:00:01]} Nf6 {[%emt 0:00:02]} 5. Nc3 {[%emt 0:00:01]} Nc6 {[%emt 0:00:01]} 6. Bg5 {[%emt 0:00:04]} e6 {[%emt 0:00:23]} 7. Qd2 {[%emt 0:00:03]} a6 {[%emt 0:00:01]} 8. O-O-O {[%emt 0:00:23]} Bd7 {[%emt 0:00:03]} 9. f4 {[%emt 0:00:36]} b5 {[%emt 0:00:03]} 10. Bxf6 {[%emt 0:05:52]} gxf6 {[%emt 0:00:04]} 11. f5 {[%emt 0:00:14]} Nxd4 {[%emt 0:00:37]} 12. Qxd4 {[%emt 0:00:10]} Bh6+ {[%emt 0:00:01]} 13. Kb1 {[%emt 0:00:06]} Bf4 {[%emt 0:00:01]} 14. fxe6 {[%emt 0:00:55]} fxe6 {[%emt 0:00:10]} 15. Be2 {[%emt 0:02:34]} h5 {[%emt 0:05:07]} 16. Bf3 {[%emt 0:03:47]} Be5 {[%emt 0:00:34]} 17. Qe3 {[%emt 0:00:07]} Qc7 {[%emt 0:00:10]} 18. Ne2 {[%emt 0:00:39]} Qc5 {[%emt 0:00:27]} 19. Qd2 {[%emt 0:00:21]} O-O-O {[%emt 0:03:17]} 20. Nf4 {[%emt 0:00:45]} Bxf4 {[%emt 0:03:34]} 21. Qxf4 {[%emt 0:00:03]} Qe5 {[%emt 0:00:13]} 22. Qxe5 {[%emt 0:01:05]} dxe5 {[%emt 0:00:00]} 23. Rd6 {[%emt 0:00:03]} a5 {[%emt 0:00:37]} 24. Rhd1 {[%emt 0:00:38]} Kc7 {[%emt 0:00:01]} 25. h4 {[%emt 0:00:08]} f5 {[%emt 0:00:43]} 26. Kc1 {[%emt 0:00:20]} Rhg8 {[%emt 0:01:18]} 27. c3 {[%emt 0:00:06]} Rh8 {[%emt 0:00:32]} 28. R1d2 {[%emt 0:00:08]} Rh7 {[%emt 0:00:22]} 29. Kd1 {[%emt 0:00:15]} b4 {[%emt 0:00:04]} 30. Ke1 {[%emt 0:00:02]} bxc3 {[%emt 0:00:02]} 31. bxc3 {[%emt 0:00:00]} Rhh8 {[%emt 0:00:07]} 32. Kf2 {[%emt 0:00:07]} Rhf8 {[%emt 0:00:02]} 33. Kg1 {[%emt 0:00:02]} Rh8 {[%emt 0:00:03]} 34. Kh2 {[%emt 0:00:27]} Rhg8 {[%emt 0:00:07]} 35. g3 {[%emt 0:00:21]} Rh8 {[%emt 0:00:09]} 36. Kg2 {[%emt 0:00:11]} a4 {[%emt 0:00:02]} 37. Kh2 {[%emt 0:00:03]} Rhf8 {[%emt 0:00:18]} 38. exf5 {[%emt 0:00:14]} exf5 {[%emt 0:00:01]} 39. Bxh5 {[%emt 0:00:01]} e4 {[%emt 0:00:07]} 40. R6d4 {[%emt 0:00:12]} a3 {[%emt 0:00:36]} 41. Bd1 {[%emt 0:00:06]} Be6 {[%emt 0:00:07]} 42. Kg2 {[%emt 0:00:20]} Rxd4 {[%emt 0:00:04]} 43. Rxd4 {[%emt 0:00:09]} Rb8 {[%emt 0:00:00]} 44. Ra4 {[%emt 0:00:16]} Rb2+ {[%emt 0:00:02]} 45. Kf1 {[%emt 0:00:00]} Rxa2 {[%emt 0:00:04]} 46. h5 {[%emt 0:00:08]} Ra1 {[%emt 0:00:01]} 47. Ke2 {[%emt 0:00:28]} a2 {[%emt 0:00:22]} 48. Ra3 {[%emt 0:00:05]} Rb1 {[%emt 0:00:07]} 49. h6 {[%emt 0:00:08]} a1=Q {[%emt 0:00:09]} 50. Rxa1 {[%emt 0:00:16]} Rxa1 {[%emt 0:00:00]} 51. h7 {[%emt 0:00:01]} Ra8 {[%emt 0:00:04]} 0-1